Auswahl aus dem poetischen Nachlatz

Bibliographic Details
Main Author: Schwarz, Karl (Author)
Format: Book
Language:English
PhysicalDescription:49 s.
Published: Kesmark Sauter & Schmidt 1883

MARC

LEADER 00000nam a2200000 a 4500
001 vtls009303752
003 SK-MaSNL
005 20260302043240.0
008 240314 000 0 eng
040 |a SNK  |b slo  |c SNK  |e AACR2 
100 1 |a Schwarz, Karl  |4 aut  |9 526342 
245 1 0 |a Auswahl aus dem poetischen Nachlatz  |c Karl Schwarz 
260 |a Kesmark  |b Sauter & Schmidt  |c 1883  |e Kesmark  |f Sauter & Schmidt 
300 |a 49 s. 
999 |c 1085953  |d 1087883 
952 |a SNK  |b SNK  |y PREZ  |7 0  |p 17A0588924  |o snkSD 16010  |i snk7064/58  |3 rekatalogizácia  |0 0  |1 0  |4 0  |d 2008-06-16  |l 0  |r 2025-11-28 00:00:00  |w 2026-02-24